Freak the freak out (victorious) - lyrics - Statistics

General Stats
  • This quiz has been taken 88 times
  • The average score is 248 of 316
Answer Stats
Answer % Correct
the
97%
a
96%
freak
95%
I
95%
out
95%
you
95%
me
92%
me?
92%
me)
92%
do
91%
do?
91%
it
91%
It
91%
So
91%
so
91%
what
91%
What
91%
go
89%
Hear
89%
hear
89%
I'm
89%
is
89%
Is
89%
gonna
88%
listen
88%
your
88%
Your
88%
Are
87%
can
87%
(Can
87%
of
87%
sick
87%
talk,
87%
talk
87%
and
85%
listening?
85%
never
85%
Never
85%
sing
85%
scream
84%
tell
84%
Tell
84%
always
83%
now
83%
Open
83%
same
83%
shout
83%
up
83%
door
81%
name
81%
be
80%
be?
80%
here?
80%
here
80%
to
80%
know?
79%
know,
79%
know
79%
there?
79%
more?
77%
But
75%
cant
75%
less?
75%
attention
71%
stays
71%
try
71%
what's
71%
head
69%
come,
68%
Come
68%
even
68%
Oh
68%
oh
68%
communicate
67%
something
67%
should
65%
Don't
64%
don't
64%
Easy
64%
easy
64%
knew
64%
said
64%
When
64%
deficit
63%
in
63%
thin
63%
I'll
61%
real
60%
throw
57%
another
55%
word
55%
think
53%
Woah
53%
woah
53%
fit
52%
Gotta
52%
gotta
52%
beware?
51%
am
49%
If
49%
Opposite,
49%
opposite
49%
relate
48%
get
47%
thinking
44%
again
43%
dark
43%
that
43%
through
41%
Does
40%
Nodding
40%
heal?
39%
wait
39%
Keep
37%
running
37%
Running
37%
else
36%
Show
36%
someone
36%
above
35%
breaks
35%
Why
35%
Cause
33%
ear
31%
Patience
25%
(Hey)
25%
No matching quizzes found
Score Distribution
Percent of People with Each Score
Percentile by Number Answered
Your Score History
You have not taken this quiz